Städte den Bundesländern zuordnen 5 - Statistiken

Allgemein
  • Dieses Quiz wurde 172 mal gespielt
  • Das Durchschnittsergebnis liegt bei 8 aus 10
Antwortstatistiken
Frage Antwort % Korrekt
Bremen liegt in... Bremen
100%
Mainz liegt in... Rheinland-Pfalz
100%
Erlangen liegt in,,, Bayern
88%
Hannover liegt in... Niedersachsen
88%
Dortmund liegt in... Nordrhein-Westfalen
88%
Duisburg liegt in... Nordrhein-Westfalen
88%
Rosenheim liegt in... Bayern
75%
Cottbus liegt in... Brandenburg
75%
Mülheim liegt in/im... Nordrhein-Westfalen
75%
Neuss liegt in... Nordrhein-Westfalen
63%
Keine übereinstimmenden Quizze gefunden
Verteilung der Resultate
Anzahl Personen mit jedem Resultat
Perzentil nach korrekt beantworteten Fragen
Ihre Resultats-Entwicklung
Sie haben dieses Quiz noch nicht gespielt